|
|
|
|
| LEADER |
01254cam a2200313 7i4500 |
| 001 |
0000067481 |
| 005 |
20220328090000.0 |
| 020 |
|
|
|a 9780702047312 (electronic book)
|
| 090 |
0 |
0 |
|a RC702
|b .C38 2016
|
| 245 |
0 |
0 |
|a Cardiorespiratory physiotherapy :
|b adults and paediatrics
|c edited by Eleanor Main, Linda Denehy ; forward by Barbara A. Webber, Jennifer A. Pryor, S. Ammani Prasad.
|
| 250 |
|
|
|a Fifth edition.
|
| 264 |
|
|
|a Edinburgh:
|b Elsevier,
|c 2016.
|
| 300 |
|
|
|a 1 online resource (xxi, 790 pages):
|b colour illustrations, text file, PDF.
|
| 336 |
|
|
|a text
|2 rdacontent
|
| 337 |
|
|
|a computer
|2 rdamedia
|
| 338 |
|
|
|a online resource
|2 rdacarrier
|
| 490 |
0 |
|
|a Physiotherapy essentials
|
| 650 |
|
0 |
|a Cardiopulmonary system --
|x Diseases --
|x Physical therapy
|
| 650 |
|
0 |
|a Respiratory organs --
|x Diseases --
|x Patients --
|x Rehabilitation
|
| 650 |
|
0 |
|a Critical care medicine
|
| 650 |
|
0 |
|a Respiratory organs --
|x Diseases
|
| 655 |
|
0 |
|a Electronic books
|
| 700 |
1 |
|
|a Main, Eleanor
|
| 700 |
1 |
|
|a Denehy, Linda
|
| 856 |
4 |
2 |
|u http://library.unisel.edu.my/web/guest/mylibrary
|
| 997 |
|
|
|a Health Sciences, Faculty
|
| 998 |
|
|
|a Physiotherapy, Diploma
|
| 998 |
|
|
|a Nursing, Diploma
|
| 999 |
|
|
|a EBO0012009
|b EBOOK
|c EBOOK
|e Electronic resources
|